[Event "Torun op"]
[Site "Torun"]
[Date "2002.??.??"]
[Round "5"]
[White "Przybielska, Agnieszka"]
[Black "Tulodziecka, B."]
[Result "0-1"]
[WhiteElo "1400"]
[BlackElo "1400"]
[PlyCount "86"]
[EventDate "2002.??.??"]
[EventType "swiss"]
[EventRounds "9"]
[EventCountry "POL"]
[SourceTitle "EXT 2007"]
[Source "ChessBase"]
[SourceDate "2006.11.23"]
[SourceVersion "1"]
[SourceVersionDate "2006.11.23"]
[SourceQuality "1"]

1. e4 e5 2. Nf3 Nc6 3. Nc3 Bc5 4. Bb5 d6 5. 0-0 Nf6 6. d3 0-0 7. Bg5 h6 8. Bh4 Nd4 9. h3 Nxb5 10. Nxb5 a6 11. Nc3 Be6 12. Qe2 g5 13. Bg3 Nh5 14. Bh2 g4 15. hxg4 Bxg4 16. Rfe1 f5 17. exf5 Rxf5 18. Qe4 Nf6 19. Qc4+ Kf8 20. Nh4 Rxf2 21. Kh1 b5 22. Qb3 Nh5 23. g3 Nf4 24. Ne4 Bf3+ 25. Nxf3 Rxf3 26. gxf4 Bf2 27. Nxf2 Rxf2 28. Rg1 d5 29. Bg3 Re2 30. Qb4+ Ke8 31. fxe5 Rxc2 32. Bf2 Rxf2 33. Rg8+ Kd7 34. Rxd8+ Rxd8 35. Qg4+ Kc6 36. Rc1+ Kb7 37. Qg7 Rc8 38. e6 h5 39. e7 Re2 40. Qf7 h4 41. Qf8 h3 42. Qxc8+ Kxc8 43. Kg1 h2+ 0-1

[Event "Torun op"]
[Site "Torun"]
[Date "2002.??.??"]
[Round "7"]
[White "Tulodziecka, B."]
[Black "Lewandowska, Natalia"]
[Result "0-1"]
[WhiteElo "1400"]
[BlackElo "1250"]
[PlyCount "104"]
[EventDate "2002.??.??"]
[EventType "swiss"]
[EventRounds "9"]
[EventCountry "POL"]
[SourceTitle "EXT 2007"]
[Source "ChessBase"]
[SourceDate "2006.11.23"]
[SourceVersion "1"]
[SourceVersionDate "2006.11.23"]
[SourceQuality "1"]

1. e4 e5 2. Nf3 Nc6 3. Bc4 Nf6 4. Ng5 d5 5. exd5 Nxd5 6. d4 Nxd4 7. Nc3 c6 8. 0-0 Bc5 9. Nce4 b6 10. Nxc5 bxc5 11. Re1 0-0 12. Ne4 Ne6 13. Be3 Bb7 14. Nxc5 Nxc5 15. Bxc5 Re8 16. Qf3 Re6 17. Rad1 Rf6 18. Qe4 Rf4 19. Qe2 Qf6 20. g3 Qg5 21. h4 Qg4 22. Qxe5 h6 23. Qe8+ Rxe8 24. Rxe8+ Kh7 25. Bd3+ g6 26. Be2 Qh3 27. Bf1 Qg4 28. Rde1 Nf6 29. R8e7 Nh5 30. Bg2 Rf6 31. R1e3 Qd1+ 32. Bf1 Qd2 33. Re2 Qd5 34. b4 Ba6 35. R2e5 Qd1 36. Re1 Qd2 37. Bxa6 Ng7 38. c3 Nf5 39. R1e2 Qd1+ 40. Re1 Qa4 41. Rxa7 Qxa2 42. g4 Nd6 43. Bd4 Rf4 44. Be5 Rxg4+ 45. Kf1 Ne4 46. Rxf7+ Qxf7 47. Bd4 Nd2+ 48. Ke2 Re4+ 49. Kxd2 Qa2+ 50. Kd1 Qa1+ 51. Kd2 Qxe1+ 52. Kd3 Qe2# 0-1